INDUSTRIAL ROBOTS , COMPUTER INTERFACING AND CONTROL (Record no. 573569)
[ view plain ]
| 000 -LEADER | |
|---|---|
| fixed length control field | 00366nam a22001337a 4500 |
| 020 ## - INTERNATIONAL STANDARD BOOK NUMBER | |
| International Standard Book Number | 0-13-463191-9 |
| 082 ## - DEWEY DECIMAL CLASSIFICATION NUMBER | |
| Classification number | 629.892 SNY'I |
| 100 ## - MAIN ENTRY--PERSONAL NAME | |
| Personal name | SNYDER, W.E |
| 9 (RLIN) | 65317 |
| 245 ## - TITLE STATEMENT | |
| Title | INDUSTRIAL ROBOTS , COMPUTER INTERFACING AND CONTROL |
| 260 ## - PUBLICATION, DISTRIBUTION, ETC. | |
| Place of publication, distribution, etc. | USA |
| Name of publisher, distributor, etc. | PRENTICE HALL |
| Date of publication, distribution, etc. | 1985 |
| 300 ## - PHYSICAL DESCRIPTION | |
| Extent | XV,325P |
| 650 ## - SUBJECT ADDED ENTRY--TOPICAL TERM | |
| Topical term or geographic name entry element | ROBOTS,INDUSTRIAL COMPUTER INTERFACES |
| 9 (RLIN) | 65318 |
| 942 ## - ADDED ENTRY ELEMENTS (KOHA) | |
| Koha item type | Book |
| Withdrawn status | Lost status | Damaged status | Not for loan | Permanent Location | Current Location | Shelving location | Date acquired | Total Checkouts | Full call number | Barcode | Date last seen | Price effective from | Koha item type |
|---|---|---|---|---|---|---|---|---|---|---|---|---|---|
| College of Electrical & Mechanical Engineering (CEME) | College of Electrical & Mechanical Engineering (CEME) | General Stacks | 07/27/2017 | 629.892 SNY'I | CEME-22959 | 06/28/2021 | 06/28/2021 | Book |
